[Event "Spiltan & Pelaro op"]
[Site "Sweden"]
[Date "2003.06.17"]
[Round "7"]
[White "Fors, Klas"]
[Black "Ljungberg, Jonas"]
[Result "0-1"]
[WhiteElo "1989"]
[BlackElo "1944"]
[PlyCount "94"]
[EventDate "2003.06.12"]
[EventType "swiss"]
[EventRounds "7"]
[EventCountry "SWE"]
[SourceTitle "EXT 2005"]
[Source "ChessBase"]
[SourceDate "2004.11.15"]
[SourceVersion "1"]
[SourceVersionDate "2004.11.15"]
[SourceQuality "1"]

1. c4 e6 2. Nf3 d5 3. d4 c6 4. Nc3 f5 5. g3 Nf6 6. Bg2 Bd6 7. 0-0 0-0 8. Bf4 Bxf4 9. gxf4 Nbd7 10. Ne5 Nxe5 11. fxe5 Ne4 12. cxd5 exd5 13. f4 Be6 14. Qb3 Qe7 15. Rad1 Kh8 16. Rd3 Rfd8 17. Qa3 Qxa3 18. bxa3 Rac8 19. Na4 b6 20. Rc1 Rd7 21. Bxe4 dxe4 22. Rdc3 Rxd4 23. Rxc6 Rxc6 24. Rxc6 Rxa4 25. Rxe6 Kg8 26. Rc6 e3 27. e6 Kf8 28. Rc7 Rxf4 29. Rf7+ Ke8 30. Rxa7 Rf2 31. Rxg7 Rxe2 32. Rxh7 Rxa2 33. Kf1 Rxa3 34. Ke2 f4 35. Rh8+ Ke7 36. Rh7+ Kxe6 37. Rh6+ Kf5 38. Rxb6 Ra2+ 39. Kd3 Rxh2 40. Rb5+ Kg4 41. Ke4 e2 42. Rb1 Kg3 43. Kd3 Kf2 44. Kd2 Rh3 45. Rc1 Re3 46. Re1 Rd3+ 47. Kxd3 Kxe1 0-1

[Event "Spiltan & Pelaro op"]
[Site "Sweden"]
[Date "2003.06.16"]
[Round "6"]
[White "Ljungberg, Jonas"]
[Black "Frisk, Markus"]
[Result "1/2-1/2"]
[WhiteElo "1944"]
[BlackElo "1898"]
[PlyCount "47"]
[EventDate "2003.06.12"]
[EventType "swiss"]
[EventRounds "7"]
[EventCountry "SWE"]
[SourceTitle "EXT 2005"]
[Source "ChessBase"]
[SourceDate "2004.11.15"]
[SourceVersion "1"]
[SourceVersionDate "2004.11.15"]
[SourceQuality "1"]

1. d4 d5 2. c4 c6 3. Nf3 Nf6 4. Nc3 e6 5. cxd5 cxd5 6. Bg5 Be7 7. e3 0-0 8. Bd3 Nc6 9. 0-0 h6 10. Bh4 Nb4 11. Bb1 Nd7 12. Bxe7 Qxe7 13. a3 Nc6 14. Bd3 b6 15. Qe2 Bb7 16. Rfc1 Rfc8 17. Nd2 Nf6 18. b4 Nd8 19. Nb3 Ne4 20. Nxe4 dxe4 21. Ba6 Qd7 22. Bxb7 Nxb7 23. Qb2 Nd6 24. Nd2 1/2-1/2

[Event "Spiltan & Pelaro op"]
[Site "Sweden"]
[Date "2003.06.14"]
[Round "4"]
[White "Nygren, Kim"]
[Black "Ljungberg, Jonas"]
[Result "1/2-1/2"]
[WhiteElo "2311"]
[BlackElo "1949"]
[PlyCount "73"]
[EventDate "2003.06.12"]
[EventType "swiss"]
[EventRounds "7"]
[EventCountry "SWE"]
[SourceTitle "EXT 2005"]
[Source "ChessBase"]
[SourceDate "2004.11.15"]
[SourceVersion "1"]
[SourceVersionDate "2004.11.15"]
[SourceQuality "1"]

1. e4 c5 2. Nf3 d6 3. d4 cxd4 4. Nxd4 Nf6 5. Nc3 a6 6. Bg5 e6 7. f4 Nc6 8. Qd2 h6 9. Bxf6 Qxf6 10. Nf3 b5 11. 0-0-0 Qd8 12. g4 Be7 13. Bg2 Bb7 14. Rhe1 Na5 15. Qd4 Rc8 16. f5 Rc4 17. Qf2 b4 18. fxe6 fxe6 19. Ne5 Rf8 20. Qa7 Rc7 21. Qb6 bxc3 22. Qxa5 cxb2+ 23. Kb1 Rf2 24. Qa4+ Kf8 25. Rf1 Rxf1 26. Rxf1+ Bf6 27. Ng6+ Kf7 28. Nf4 Qc8 29. h4 Rc4 30. Qb3 Kg8 31. g5 hxg5 32. hxg5 Bxg5 33. Nxe6 Qxe6 34. Qxb7 Ra4 35. Qb8+ Kh7 36. Rh1+ Kg6 37. Qb3 1/2-1/2

[Event "Spiltan & Pelaro op"]
[Site "Sweden"]
[Date "2003.06.11"]
[Round "1"]
[White "Ljungberg, Jonas"]
[Black "Helin, Mikael"]
[Result "1-0"]
[WhiteElo "1949"]
[BlackElo "1949"]
[PlyCount "115"]
[EventDate "2003.06.12"]
[EventType "swiss"]
[EventRounds "7"]
[EventCountry "SWE"]
[SourceTitle "EXT 2005"]
[Source "ChessBase"]
[SourceDate "2004.11.15"]
[SourceVersion "1"]
[SourceVersionDate "2004.11.15"]
[SourceQuality "1"]

1. d4 g6 2. c4 d6 3. Nc3 Bg7 4. e4 Nc6 5. Be3 e5 6. Nge2 Nh6 7. d5 Ne7 8. f3 f5 9. Qd2 f4 10. Bf2 g5 11. Nc1 c5 12. Nd3 b6 13. g4 Ng6 14. Be2 0-0 15. Bd1 Nh4 16. Bxh4 gxh4 17. h3 Nf7 18. Nf2 Ng5 19. Ke2 a6 20. Ba4 Rb8 21. Qd3 b5 22. cxb5 Qb6 23. b3 c4 24. bxc4 Qe3+ 25. Qxe3 fxe3 26. Nfd1 Nxf3 27. Nxe3 Nd4+ 28. Kd3 Rf3 29. Raf1 Rg3 30. Ne2 axb5 31. Bxb5 Ra8 32. a4 Nb3 33. Nxg3 hxg3 34. Re1 Nc5+ 35. Ke2 Nxe4 36. Kf3 Nf2 37. Rhf1 Nd3 38. Rd1 e4+ 39. Kxe4 Nf2+ 40. Rxf2 gxf2 41. Rf1 Ba6 42. Rxf2 Bxb5 43. axb5 Re8+ 44. Kd3 Ra8 45. h4 Be5 46. Rf3 h6 47. Nc2 Ra2 48. Ne3 Ra3+ 49. Ke4 Rc3 50. Rf1 Bg3 51. h5 Be5 52. Rb1 Ra3 53. b6 Ra8 54. b7 Rb8 55. Nf5 Bh2 56. Ne7+ Kf7 57. Nc6 Re8+ 58. Kd3 1-0

[Event "Hallstahammar op"]
[Site "Hallstahammar"]
[Date "2001.09.09"]
[Round "6"]
[White "Ljungberg, Jonas"]
[Black "Magnusson, Per"]
[Result "1-0"]
[WhiteElo "1883"]
[BlackElo "1687"]
[PlyCount "81"]
[EventDate "2001.??.??"]
[EventType "swiss"]
[EventRounds "7"]
[EventCountry "SWE"]
[SourceTitle "EXT 2006"]
[Source "ChessBase"]
[SourceDate "2005.11.24"]
[SourceVersion "1"]
[SourceVersionDate "2005.11.24"]
[SourceQuality "1"]

1. d4 f5 2. e4 fxe4 3. Nc3 Nf6 4. Bg5 d5 5. Bxf6 exf6 6. Qh5+ g6 7. Qxd5 Be7 8. Qxe4 Nc6 9. 0-0-0 Bf5 10. Qd5 Nb4 11. Qxd8+ Rxd8 12. Rd2 Nxc2 13. Rxc2 Bxc2 14. Kxc2 Rxd4 15. Nf3 Rd7 16. Bc4 Kd8 17. Ne4 f5 18. Neg5 Bxg5 19. Nxg5 Ke7 20. Ne6 b6 21. Kc3 Kf6 22. Nf4 Rhd8 23. Re1 c5 24. Re6+ Kg5 25. g3 Rd2 26. Bd3 Rd1 27. h4+ Kh6 28. h5 Rg8 29. hxg6 hxg6 30. Bxf5 Rf1 31. Bxg6 Kg7 32. Nh5+ Kh8 33. Bd3 Rc1+ 34. Kd2 Rd8 35. Kxc1 Rxd3 36. Nf4 Rf3 37. Re2 Kg7 38. Kd1 c4 39. Rc2 b5 40. Ke2 Rxf4 41. gxf4 1-0